До волі: спомини (Запис № 424959)

МАРК-запис
000 -Лідер
fixed length control field 00768nam a22002537a 4500
001 - Контрольний номер
control field 44858
003 - Ідентифікатор контрольного номера
control field UA-OsUOA
005 - Дата та час останнього входження (трансакції)
control field 20191227093118.0
007 - Фіксоване поле фізичного опису
fixed length control field ta
008 - Елементи даних фіксованої довжини – загальна інформація
fixed length control field 20110624b un ||||| |||| 00| 0 ukr d
040 ## - Джерело каталогізації
Агенція оригінальної каталогізації UA-OsUOA
Мова каталогізації rus
Агенція, яка здійснювала перезапис UA-OsUOA
Агенція, яка здійснювала модифікацію UA-OsUOA
041 ## - Код мови
Код мови тексту/ звукової доріжки чи окремого заголовка (П) rus
080 ## - Індекс Універсальної десяткової класифікації
Індекс Універсальної десяткової класифікації (УДК) (НП) 82-94
090 ## - Локальний шифр розміщення
Класифікаційний індекс УДК 82-94
Авторський знак (НП) К50
100 ## - Основне введення – ім’я особи
Ім’я особи (НП) Клочурак С.
245 ## - Відомості про назву
Назва (НП) До волі: спомини
Дані про відповідальність (НП) передмова М. Мушинки
260 ## - Публікація, розповсюдження і т.п. (Вихідні дані)
Місце публікації, розповсюдження і т.п. (П) Ужгород
Ім’я/ наймення видавництва, розповсюджувача і т.п. (П) Ліра
Дата публікації, розповсюдження і т.п. (П) 2009
300 ## - Фізичний опис
Обсяг 182 с.
650 #7 - Додаткове предметне введення – тематичний термін
Тематичний термін чи географічна назва, як елемент введення (НП) 82 Література. Літературознавство
Джерело заголовка чи терміна UDC
942 ## - Додаткові елементи входу (Коха)
Тип елемента Koha Книги
Source of classification or shelving scheme Universal Decimal Classification
955 ## - Код типу видання за змістом
Код типу видання за змістом (НП) Науково-популярні видання
Фонди
Стан вилучень Стан втрат Джерело класифікації або схеми стелажів Стан уражень Не для кредиту Постійне місце розташування Поточне розміщення Дата придбання Джерело придбання Вартість, звичайна ціна покупки Інвентарний номер Усього замовленно Повний номер виклику Штрих-код Дата останнього перегляду Ціна ефективна від Тип елемента Koha
    Universal Decimal Classification     Наукова бібліотека ІДУД Наукова бібліотека ІДУД 24/06/2011 222/2010 1.00 2131818   82-94 К50 2131818 14/09/2019 24/06/2011 Книги
    Universal Decimal Classification     Наукова бібліотека ІДУД Наукова бібліотека ІДУД 08/10/2012 288/2012 1.00 2133915   82-94 К50 2133915 14/09/2019 08/10/2012 Книги
    Universal Decimal Classification     Наукова бібліотека ІДУД Наукова бібліотека ІДУД 08/10/2012 288/2012 1.00 2133921   82-94 К50 2133921 14/09/2019 08/10/2012 Книги